Central Library and Information Centre
Sibsagar Girls' College, Sivasagar : Assam

UGC -NET/JRF/ SLET-ENGLISH (PAPER-III) (Record no. 13499)

MARC details
000 -LEADER
fixed length control field 00406cam a2200169ua 4500
008 - FIXED-LENGTH DATA ELEMENTS--GENERAL INFORMATION
fixed length control field 141206n2008 II |||gr||||Z||||||eng
040 ## - CATALOGING SOURCE
Original cataloging agency MAIN
041 ## - LANGUAGE CODE
-- English
082 ## - DEWEY DECIMAL CLASSIFICATION NUMBER
Classification number 080 JAI
100 ## - MAIN ENTRY--PERSONAL NAME
Personal name JAIN , B.B.
245 ## - TITLE STATEMENT
Title UGC -NET/JRF/ SLET-ENGLISH (PAPER-III)
260 ## - PUBLICATION, DISTRIBUTION, ETC.
Place of publication, distribution, etc. AGRA
Name of publisher, distributor, etc. UPKAR PUBLICATION
Date of publication, distribution, etc. 2008
300 ## - PHYSICAL DESCRIPTION
Extent 128.:
Dimensions 20CM.
942 ## - ADDED ENTRY ELEMENTS (KOHA)
Koha item type Books
653 ## - INDEX TERM--UNCONTROLLED
Uncontrolled term General collections
Holdings
Withdrawn status Lost status Damaged status Not for loan Collection code Home library Current library Shelving location Date acquired Full call number Barcode Date last seen Copy number Price effective from Koha item type
    Damaged   TBENG Central Library and Information Centre Sibsagar Girls College Central Library and Information Centre Sibsagar Girls College English Rack 08.04.2007 080 JAI 22476 27.02.2020 1 27.02.2020 Books


Sibsagar Girl's College © 2020. All rights reserved.
Powered by Koha.
Maintained by Abhijit Borpuzari.